El humanismo de Manuel Larraín
Uloženo v:
| Korporativní autor: | |
|---|---|
| Médium: | Kniha |
| Jazyk: | španělština |
| Vydáno: |
Santiago
ICHEH
1975
|
| Vydání: | 1a. ed |
| Témata: | |
| Tagy: |
Přidat tag
Žádné tagy, Buďte první, kdo vytvoří štítek k tomuto záznamu!
|
MARC
| LEADER | 00000nam a2200000 a 4500 | ||
|---|---|---|---|
| 001 | UCI4307 | ||
| 003 | CL-VaPUC | ||
| 008 | 080111e19750000CL |||||||||||||||||spa|d | ||
| 082 | 0 | 4 | |a 144 |b INS |2 21 |
| 110 | 2 | |a Instituto Chileno de Estudios Humanistico |e author |9 526127 | |
| 245 | 1 | 3 | |a El humanismo de Manuel Larraín |
| 250 | |a 1a. ed | ||
| 300 | |a 104 p | ||
| 942 | |c BK | ||
| 945 | |d 20080111 00:00:00 |a rbrito | ||
| 260 | |a Santiago |b ICHEH |c 1975 | ||
| 500 | |a Donación Padres Capuchinos | ||
| 600 | 0 | |a Larraín Errázuriz, Manuel |d 1900-1966 |9 859902 | |
| 650 | 0 | |a Humanismo |9 256530 | |
| 650 | 0 | |a Derechos humanos |9 223025 | |
| 650 | 0 | |a Valores morales |9 310604 | |
| 650 | 0 | |a Libertad |9 255686 | |
| 650 | 0 | |a Justicia |9 255408 | |
| 650 | 0 | |a Cristianismo |9 257361 | |
| 650 | 0 | |a Doctrina social de la iglesia |9 257333 | |
| 583 | |a last modification |c 20080111 00:00:00 |k Rodrigo Vera | ||
| 999 | |c 328263 |d 328261 | ||
| 952 | |0 0 |1 0 |4 0 |6 144_000000000000000_INS_1975 |7 0 |8 X |9 412069 |a FDOBUD |b FDOBUD |d 2019-11-22 |i 4400801 |o 144 INS 1975 |p 4400801 |r 2019-11-22 |w 2019-11-22 |y BK_X |k BUD | ||